Magnet diri

Bibliographic Details
Main Author: Arshad Hj. Md. Ghaus
Corporate Author: Title
Format: Book
Published: Kuala Lumpur : Utusan Publications & Distributors , 2005
Subjects:

MARC

LEADER 00000cam a2200000 7i4500
001 0000012056
005 20071126.0
008 071126
020 |a 9676117684 
090 0 0 |a 153.6   |b ARS 
100 0 |a Arshad Hj. Md. Ghaus 
245 1 0 |a Magnet diri   |c Arshad Hj. Md. Ghaus 
260 |a Kuala Lumpur :   |b Utusan Publications & Distributors ,   |c 2005 
650 0 |a Interpersonal communication 
650 0 |a Interpersonal relations 
650 0 |a Malay fiction 
710 0 |a Title 
999 |a 0001004034   |b Book   |c Adult Collection   |e Perbadanan Perpustakaan Awam Johor 
999 |a 0001004036   |b Book   |c Adult Collection   |e Perbadanan Perpustakaan Awam Johor 
999 |a 0001004037   |b Book   |c Adult Collection   |e Perbadanan Perpustakaan Awam Johor 
999 |a 0001004038   |b Book   |c Adult Collection   |e Perbadanan Perpustakaan Awam Johor 
999 |a 0001034444   |b Book   |c Adult Collection   |e Desa - PPAJ 
999 |a 0001149261   |b Book   |c Adult Collection   |e Cawangan Segamat